Pavol Kováts súborné dielo 1920-1956 : 3.-23. febr. 1956 : výstavné miestnosti na Šafárikovom nám. v Bratislave

Bibliographic Details
Other Authors: Peterajová, Ľudmila, 1927-2015 (Author of introduction, etc.)
Format: Book
Language:Slovak
PhysicalDescription:[8] s., [16] obr. príl. 8°
Published: Bratislava Reklama 1956
Subjects:

MARC

LEADER 00000nam a2200000 a 4500
001 vtls008319009
003 SK-MaSNL
005 20260301042641.0
008 181127s1956 xo 000 slo
015 |a SKSNBA1956/04-00503 
035 |a SK01SNK19560011226 
035 |a SKM000013689 
040 |a SNK  |b slo  |c SNK  |e AACR2 
041 1 |a slo 
044 |a xo  |c SK 
080 |a 75.071.1:061.4(083.81)  |2 1981 
080 |a 929 Kováts, Pavol  |2 1981 
245 1 0 |a Pavol Kováts  |b súborné dielo 1920-1956 : 3.-23. febr. 1956 : výstavné miestnosti na Šafárikovom nám. v Bratislave 
260 |a Bratislava  |b Reklama  |c 1956  |e Bratislava  |f Merkantilné tlačiarne 
300 |a [8] s., [16] obr. príl.  |c 8° 
500 |a Zoznam diel 
500 |a Úvod nap. Ľudmila Peterajová 
600 1 |a Kováts, Pavol  |z Bratislava (Slovensko)  |y 1956  |x katalógy výstav  |2 SNK  |9 346235 
655 7 |a knihy  |2 SNKPH  |9 307098 
655 7 |a katalógy výstav  |2 SNKPH  |9 70445 
700 1 |a Peterajová, Ľudmila,  |d 1927-2015  |4 aui  |9 92703 
852 |a Slovenská národná knižnica v Martine  |b 10000  |h SD 10758 
958 |a OND 
958 |a TL 
958 |a RK 
958 |a BQ 
958 |a SP 
958 |a BX 
999 |c 591516  |d 593446 
952 |a SNK  |b SNK  |y PREZ  |7 0  |p 17A0448022  |o snkSD 10758  |i snkKSP 1153/56  |0 0  |1 0  |4 0  |d 2004-10-30  |l 0  |r 2025-11-24 00:00:00  |w 2026-02-23 
952 |a SNK  |b SNK  |y VYP  |7 0  |p 17A0844153  |o snkSD 10758 D1  |i snkK 3665/76  |8 3  |0 0  |1 0  |4 0  |d 2014-07-29  |l 0  |r 2026-02-23 15:26:40  |w 2026-02-23